UM Logo

Accounting for business / (Record no. 7837)

MARC details
000 -LEADER
fixed length control field 00733nam a2200229 4500
008 - FIXED-LENGTH DATA ELEMENTS--GENERAL INFORMATION
fixed length control field 171201b xxu||||| |||| 00| 0 eng d
020 ## - INTERNATIONAL STANDARD BOOK NUMBER
International Standard Book Number 0-7506-1948-1
082 ## - DEWEY DECIMAL CLASSIFICATION NUMBER
Edition number 1994
Classification number DC 657
Item number At7
100 ## - MAIN ENTRY--PERSONAL NAME
9 (RLIN) 23778
Personal name Atrill, Peter
245 ## - TITLE STATEMENT
Title Accounting for business /
Statement of responsibility, etc. Peter Atrill, David Harvey, and Edward McLaney
250 ## - EDITION STATEMENT
Edition statement Second Edition
260 ## - PUBLICATION, DISTRIBUTION, ETC. (IMPRINT)
Place of publication, distribution, etc. Oxford :
Name of publisher, distributor, etc. Butterworth Heinemann,
Date of publication, distribution, etc. ©1994.
300 ## - PHYSICAL DESCRIPTION
Extent x, 434 pages:
Other physical details illustrations;
Dimensions 24 cm.
440 ## - SERIES STATEMENT/ADDED ENTRY--TITLE
9 (RLIN) 23783
Title Contemporary Business Series
500 ## - GENERAL NOTE
General note Includes index.
650 #0 - SUBJECT ADDED ENTRY--TOPICAL TERM
9 (RLIN) 23784
Topical term or geographic name as entry element Accounting
650 #0 - SUBJECT ADDED ENTRY--TOPICAL TERM
9 (RLIN) 23785
Topical term or geographic name as entry element Financial statements
700 ## - ADDED ENTRY--PERSONAL NAME
9 (RLIN) 23786
Personal name Harvey, David
700 ## - ADDED ENTRY--PERSONAL NAME
9 (RLIN) 23787
Personal name McLaney, E. J
365 ## - TRADE PRICE
Price amount 1,499.00
Currency code Php
942 ## - ADDED ENTRY ELEMENTS (KOHA)
Source of classification or shelving scheme Dewey Decimal Classification
Koha item type Circulation
Holdings
Withdrawn status Lost status Source of classification or shelving scheme Damaged status Not for loan Collection code Home library Current library Date acquired Source of acquisition Cost, normal purchase price Total Checkouts Full call number Barcode Date last seen Copy number Price effective from Koha item type
    Dewey Decimal Classification     Circulation UM Digos College - LIC UM Digos College - LIC 04/03/2000 Purchased 1499.00   DC 657 At7 1994 14086 05/15/2025 1 12/01/2017 Circulation